000 00729nam a2200205 i 4500
001 151089
003 ES-MaACL
005 20250903084339.0
007 t|
008 071205m19021903fr ||||1| fre d
245 0 0 _aOuvrages et mémoires de mathématiques composant la Bibliothèque de feu Joseph Bertrand secrétaire perpétuel de l'Académie des sciences.
260 _aParis :
_bLibrairie Scientifique A. Hermann,
_c1902-3.
300 _a81, 83 p. ;
_c21 cm.
505 8 _aContiene: 1re et 2ème partie
650 7 _aCatálogos de editores-
_yS.XX
_2
_9169795
650 1 4 _aEditoriales-
_zFrancia-
_yS.XX.
_912069
710 2 _aLibrairie A. Hermann.
_95500
852 _aES-MaACL
_jT-1121-F-4-5
999 _c151089
_d151089